Objavuj svet počtov predškolák počíta : pracovný zošit pre 5-6 ročné deti vypracovaný podľa Štátneho vzdelávacieho programu ISCED 0 - predprimárne vzdelávanie

Bibliographic Details
Main Author: Tašková, Mária (Author)
Other Authors: Plicková, Edita, 1940- (Illustrator)
Format: Book
Language:Slovak
PhysicalDescription:32 s. ilustr. 30 cm
Published: Nitrianske Pravno Maquita 2012
ISBN:9788089260362
Edition:2. vyd.
Subjects:

MARC

LEADER 00000nam a2200000 a 4500
001 vtls010459130
003 SK-MaSNL
005 20260301174022.0
008 240315s2012 xo a a 000 0 slo
015 |a SNBA2013/04 
020 |a 9788089260362  |q (brož.) 
040 |a SNK  |b slo  |c SNK  |e AACR2 
041 0 |a slo 
044 |a xo  |c SK 
072 7 |a 373.2/.3  |x Predškolská a primárna výchova a vzdelávanie  |2 konspekt 
072 7 |a 0/9-053.2  |x Literatúra pre deti a mládež (náučná)  |2 konspekt 
080 |a 373.2  |2 2001 
080 |a 37.016:511-028.31  |2 2001 
080 |a (0.053.2)  |2 2001 
080 |a (076.1)  |2 2001 
100 1 |a Tašková, Mária  |4 aut  |9 299258 
245 1 0 |a Objavuj svet počtov  |b predškolák počíta : pracovný zošit pre 5-6 ročné deti vypracovaný podľa Štátneho vzdelávacieho programu ISCED 0 - predprimárne vzdelávanie  |c [autorka: Mária Tašková ; ilustrácia obalu: Edita Plicková] 
250 |a 2. vyd. 
260 |a Nitrianske Pravno  |b Maquita  |c 2012 
300 |a 32 s.  |b ilustr.  |c 30 cm 
500 |a Názov z obalu 
521 |a Pre 5-6 ročné deti 
650 0 7 |a predškolská výchova  |2 SNKPH  |9 3959 
650 0 7 |a počítanie  |2 SNKPH  |9 4104 
650 0 7 |a Preschool education  |2 SNKPHeng  |9 267868 
650 0 7 |a Counting  |2 SNKPHeng  |9 302467 
655 7 |a publikácie pre deti  |2 SNKPH  |9 70148 
655 7 |a pracovné zošity  |2 SNKPH  |9 70188 
655 7 |a Children's literature  |2 SNKPHeng  |9 276039 
655 7 |a Activity books  |2 SNKPHeng  |9 302885 
700 1 |a Plicková, Edita,  |d 1940-  |4 ill  |9 100852 
919 |a 978-80-89260-36-2 
999 |c 838439  |d 840369 
952 |a SNK  |b SNK  |y PREZ  |7 0  |p 17A1054102  |o snkOSB 16889  |i snk2012/20427  |8 0  |0 0  |1 0  |4 0  |d 2012-10-12  |l 0  |r 2026-02-24 04:01:26  |w 2026-02-24 
952 |a SNK  |b SNK  |y PREZ  |7 0  |p 17A1054101  |o snkOSB 16889 D1  |i snk2012/20429  |8 0  |0 0  |1 0  |4 0  |d 2012-10-12  |l 0  |r 2026-02-24 04:01:26  |w 2026-02-24